[Event "DEM U12 2025"]
[Site "Willingen GER"]
[Date "2025.06.11"]
[Round "6"]
[White "Moskalenko, Michael"]
[Black "Pradeep, Harshill"]
[Result "0-1"]
[Termination "normal"]
[Board "8"]
[WhiteElo "1720"]
[BlackElo "1936"]
[WhiteClock "00:19:48"]
[BlackClock "01:10:22"]
[PlyCount "74"]
[WhiteFideId "34608877"]
[BlackFideId "34629513"]
[EventCountry "GER"]
[EventRounds "9"]
[EventType "swiss"]
[EventDate "2025.06.07"]

1. d4 {[%clk 01:30:58]} {[%emt 00:00:01]} Nf6 {[%clk 01:30:26]} {[%emt
00:00:35]} 2. c4 {[%clk 01:31:24]} {[%emt 00:00:05]} g6 {[%clk 01:30:35]}
{[%emt 00:00:21]} 3. Nc3 {[%clk 01:31:47]} {[%emt 00:00:07]} Bg7 {[%clk
01:30:58]} {[%emt 00:00:06]} 4. e4 {[%clk 01:32:13]} {[%emt 00:00:04]} d6
{[%clk 01:31:22]} {[%emt 00:00:07]} 5. Nf3 {[%clk 01:32:38]} {[%emt 00:00:05]}
O-O {[%clk 01:31:44]} {[%emt 00:00:07]} 6. Be2 {[%clk 01:33:03]} {[%emt
00:00:06]} e5 {[%clk 01:32:07]} {[%emt 00:00:07]} 7. O-O {[%clk 01:33:23]}
{[%emt 00:00:09]} Na6 {[%clk 01:32:31]} {[%emt 00:00:05]} 8. Be3 {[%clk
01:33:14]} {[%emt 00:00:39]} Qe7 {[%clk 01:32:53]} {[%emt 00:00:09]} 9. d5
{[%clk 01:32:09]} {[%emt 00:01:35]} Ng4 {[%clk 01:32:06]} {[%emt 00:01:17]} 10.
Bg5 {[%clk 01:32:24]} {[%emt 00:00:15]} f6 {[%clk 01:32:30]} {[%emt 00:00:07]}
11. Bd2 {[%clk 01:32:47]} {[%emt 00:00:07]} f5 {[%clk 01:31:23]} {[%emt
00:01:37]} 12. Ne1 {[%clk 01:32:08]} {[%emt 00:01:09]} Nf6 {[%clk 01:30:23]}
{[%emt 00:01:29]} 13. f3 {[%clk 01:32:10]} {[%emt 00:00:28]} fxe4 {[%clk
01:22:35]} {[%emt 00:08:17]} 14. fxe4 {[%clk 01:30:44]} {[%emt 00:01:57]} Nc5
{[%clk 01:22:26]} {[%emt 00:00:39]} 15. Bf3 {[%clk 01:25:29]} {[%emt 00:05:45]}
a5 {[%clk 01:22:25]} {[%emt 00:00:31]} 16. Be3 {[%clk 01:07:45]} {[%emt
00:18:14]} b6 {[%clk 01:18:55]} {[%emt 00:04:01]} 17. a3 {[%clk 01:04:04]}
{[%emt 00:04:11]} Bd7 {[%clk 01:14:24]} {[%emt 00:05:01]} 18. b4 {[%clk
01:00:00]} {[%emt 00:04:31]} axb4 {[%clk 01:13:38]} {[%emt 00:01:19]} 19. axb4
{[%clk 00:59:37]} {[%emt 00:00:53]} Rxa1 {[%clk 01:13:44]} {[%emt 00:00:24]}
20. Qxa1 {[%clk 00:59:58]} {[%emt 00:00:08]} Nb3 {[%clk 01:13:07]} {[%emt
00:01:07]} 21. Qd1 {[%clk 00:56:57]} {[%emt 00:03:30]} Nd4 {[%clk 01:12:59]}
{[%emt 00:00:38]} 22. Bxd4 {[%clk 00:48:36]} {[%emt 00:08:52]} exd4 {[%clk
01:13:21]} {[%emt 00:00:08]} 23. Qxd4 {[%clk 00:38:38]} {[%emt 00:10:28]} Ng4
{[%clk 01:12:35]} {[%emt 00:01:16]} 24. Qd2 {[%clk 00:34:02]} {[%emt 00:05:06]}
Qe5 {[%clk 01:10:17]} {[%emt 00:02:48]} 25. Bxg4 {[%clk 00:33:22]} {[%emt
00:01:09]} Rxf1+ {[%clk 01:10:33]} {[%emt 00:00:15]} 26. Kxf1 {[%clk 00:33:30]}
{[%emt 00:00:22]} Bxg4 {[%clk 01:10:58]} {[%emt 00:00:05]} 27. h3 {[%clk
00:24:39]} {[%emt 00:09:20]} Qf6+ {[%clk 01:08:10]} {[%emt 00:03:18]} 28. Kg1
{[%clk 00:24:02]} {[%emt 00:01:07]} Qxc3 {[%clk 01:08:24]} {[%emt 00:00:17]}
29. Qxc3 {[%clk 00:22:37]} {[%emt 00:01:55]} Bxc3 {[%clk 01:08:45]} {[%emt
00:00:09]} 30. hxg4 {[%clk 00:22:55]} {[%emt 00:00:12]} Bxe1 {[%clk 01:09:09]}
{[%emt 00:00:07]} 31. b5 {[%clk 00:23:23]} {[%emt 00:00:02]} Kf7 {[%clk
01:09:10]} {[%emt 00:00:28]} 32. Kf1 {[%clk 00:23:33]} {[%emt 00:00:20]} Bc3
{[%clk 01:08:51]} {[%emt 00:00:50]} 33. Ke2 {[%clk 00:22:09]} {[%emt 00:01:54]}
Kf6 {[%clk 01:09:14]} {[%emt 00:00:06]} 34. Kf3 {[%clk 00:21:35]} {[%emt
00:01:04]} g5 {[%clk 01:09:08]} {[%emt 00:00:37]} 35. Ke3 {[%clk 00:21:06]}
{[%emt 00:00:58]} Ke5 {[%clk 01:09:32]} {[%emt 00:00:06]} 36. Kd3 {[%clk
00:20:01]} {[%emt 00:01:35]} Bd4 {[%clk 01:09:57]} {[%emt 00:00:05]} 37. g3
{[%clk 00:19:48]} {[%emt 00:00:43]} Bf2 {[%clk 01:10:22]} {[%emt 00:00:05]} 0-1

[Event "DEM U12 2025"]
[Site "Willingen GER"]
[Date "2025.06.11"]
[Round "6"]
[White "Dotschuweit, Erik"]
[Black "Naumann, Lennart"]
[Result "1/2-1/2"]
[Termination "normal"]
[Board "9"]
[WhiteElo "1676"]
[BlackElo "1820"]
[WhiteClock "01:29:17"]
[BlackClock "00:21:42"]
[PlyCount "100"]
[WhiteFideId "34610146"]
[BlackFideId "34644830"]
[EventCountry "GER"]
[EventRounds "9"]
[EventType "swiss"]
[EventDate "2025.06.07"]

1. e4 {[%clk 01:30:52]} {[%emt 00:00:07]} c6 {[%clk 01:30:56]} {[%emt
00:00:04]} 2. d4 {[%clk 01:31:18]} {[%emt 00:00:04]} d5 {[%clk 01:31:20]}
{[%emt 00:00:06]} 3. exd5 {[%clk 01:31:44]} {[%emt 00:00:04]} cxd5 {[%clk
01:31:41]} {[%emt 00:00:09]} 4. Bd3 {[%clk 01:32:02]} {[%emt 00:00:13]} Nc6
{[%clk 01:31:35]} {[%emt 00:00:35]} 5. c3 {[%clk 01:32:05]} {[%emt 00:00:28]}
Nf6 {[%clk 01:31:49]} {[%emt 00:00:15]} 6. Bf4 {[%clk 01:32:14]} {[%emt
00:00:22]} Bg4 {[%clk 01:31:50]} {[%emt 00:00:28]} 7. Qb3 {[%clk 01:32:31]}
{[%emt 00:00:14]} Qd7 {[%clk 01:31:33]} {[%emt 00:00:45]} 8. Nd2 {[%clk
01:32:23]} {[%emt 00:00:40]} e6 {[%clk 01:31:38]} {[%emt 00:00:24]} 9. Ngf3
{[%clk 01:32:14]} {[%emt 00:00:40]} Nh5 {[%clk 01:21:24]} {[%emt 00:10:39]} 10.
Ne5 {[%clk 01:31:00]} {[%emt 00:01:49]} Nxe5 {[%clk 01:18:30]} {[%emt
00:03:24]} 11. Bxe5 {[%clk 01:31:20]} {[%emt 00:00:10]} a6 {[%clk 01:18:32]}
{[%emt 00:00:28]} 12. h3 {[%clk 01:29:01]} {[%emt 00:02:49]} Bf5 {[%clk
01:18:28]} {[%emt 00:00:32]} 13. Bxf5 {[%clk 01:28:14]} {[%emt 00:01:18]} exf5
{[%clk 01:18:49]} {[%emt 00:00:08]} 14. Qb6 {[%clk 01:26:16]} {[%emt 00:02:28]}
Be7 {[%clk 01:07:21]} {[%emt 00:11:59]} 15. O-O-O {[%clk 01:22:59]} {[%emt
00:03:48]} f4 {[%clk 01:04:15]} {[%emt 00:03:35]} 16. Rdg1 {[%clk 01:20:51]}
{[%emt 00:02:38]} O-O {[%clk 01:00:49]} {[%emt 00:03:55]} 17. g4 {[%clk
01:20:43]} {[%emt 00:00:40]} fxg3 {[%clk 01:01:07]} {[%emt 00:00:12]} 18. fxg3
{[%clk 01:19:00]} {[%emt 00:02:12]} f6 {[%clk 01:00:43]} {[%emt 00:00:54]} 19.
g4 {[%clk 01:17:28]} {[%emt 00:02:02]} fxe5 {[%clk 01:00:19]} {[%emt 00:00:53]}
20. gxh5 {[%clk 01:17:51]} {[%emt 00:00:08]} Rf6 {[%clk 01:00:11]} {[%emt
00:00:36]} 21. Qb3 {[%clk 01:17:47]} {[%emt 00:00:36]} exd4 {[%clk 00:58:20]}
{[%emt 00:02:22]} 22. cxd4 {[%clk 01:17:48]} {[%emt 00:00:29]} Rc8+ {[%clk
00:55:41]} {[%emt 00:03:08]} 23. Kb1 {[%clk 01:14:33]} {[%emt 00:03:46]} Qf5+
{[%clk 00:55:37]} {[%emt 00:00:33]} 24. Ka1 {[%clk 01:14:46]} {[%emt 00:00:17]}
Rc2 {[%clk 00:54:13]} {[%emt 00:01:49]} 25. Nf3 {[%clk 01:01:49]} {[%emt
00:13:32]} Rf2 {[%clk 00:47:56]} {[%emt 00:06:46]} 26. Ne5 {[%clk 00:59:53]}
{[%emt 00:02:27]} Rf1+ {[%clk 00:39:50]} {[%emt 00:08:36]} 27. Rxf1 {[%clk
01:00:10]} {[%emt 00:00:14]} Qxf1+ {[%clk 00:40:12]} {[%emt 00:00:07]} 28. Qd1
{[%clk 01:00:36]} {[%emt 00:00:05]} Qxd1+ {[%clk 00:40:11]} {[%emt 00:00:30]}
29. Rxd1 {[%clk 01:01:00]} {[%emt 00:00:06]} Bd6 {[%clk 00:37:46]} {[%emt
00:02:55]} 30. Kb1 {[%clk 01:00:41]} {[%emt 00:00:50]} Rf5 {[%clk 00:37:08]}
{[%emt 00:01:05]} 31. h6 {[%clk 01:00:00]} {[%emt 00:01:13]} Bxe5 {[%clk
00:36:00]} {[%emt 00:01:38]} 32. dxe5 {[%clk 01:00:26]} {[%emt 00:00:05]} Rxe5
{[%clk 00:36:19]} {[%emt 00:00:10]} 33. hxg7 {[%clk 01:00:50]} {[%emt
00:00:07]} Kxg7 {[%clk 00:36:38]} {[%emt 00:00:10]} 34. Rc1 {[%clk 01:00:49]}
{[%emt 00:00:31]} Kf6 {[%clk 00:35:30]} {[%emt 00:01:37]} 35. Rf1+ {[%clk
01:00:21]} {[%emt 00:01:00]} Ke6 {[%clk 00:32:05]} {[%emt 00:03:54]} 36. Rg1
{[%clk 01:00:00]} {[%emt 00:00:51]} Re3 {[%clk 00:29:53]} {[%emt 00:02:41]} 37.
Rg7 {[%clk 00:59:30]} {[%emt 00:01:01]} Rxh3 {[%clk 00:24:54]} {[%emt
00:05:29]} 38. Rxb7 {[%clk 00:59:56]} {[%emt 00:00:05]} Ke5 {[%clk 00:24:26]}
{[%emt 00:00:58]} 39. Rb6 {[%clk 00:59:58]} {[%emt 00:00:29]} Ke4 {[%clk
00:24:09]} {[%emt 00:00:46]} 40. Re6+ {[%clk 01:00:14]} {[%emt 00:00:14]} Kd3
{[%clk 00:24:10]} {[%emt 00:00:27]} 41. a4 {[%clk 00:59:43]} {[%emt 00:01:03]}
d4 {[%clk 00:20:44]} {[%emt 00:03:55]} 42. Rxa6 {[%clk 01:00:08]} {[%emt
00:00:06]} Kd2 {[%clk 00:20:10]} {[%emt 00:01:04]} 43. Re6 {[%clk 00:59:31]}
{[%emt 00:01:07]} d3 {[%clk 00:17:26]} {[%emt 00:03:13]} 44. a5 {[%clk
00:59:36]} {[%emt 00:00:26]} Re3 {[%clk 00:16:47]} {[%emt 00:01:05]} 45. Rh6
{[%clk 00:59:20]} {[%emt 00:00:49]} Kd1 {[%clk 00:03:24]} {[%emt 00:13:52]} 46.
a6 {[%clk 00:59:30]} {[%emt 00:00:21]} d2 {[%clk 00:29:39]} {[%emt 00:04:15]}
47. a7 {[%clk 01:29:32]} {[%emt 00:00:29]} Re8 {[%clk 00:29:45]} {[%emt
00:00:23]} 48. b4 {[%clk 01:29:05]} {[%emt 00:00:58]} Ke2 {[%emt 00:07:41]} 49.
Rh2+ {[%clk 01:29:17]} Kd3 {[%emt 00:01:38]} 50. Rh3+ Kc4 {[%clk 00:21:42]}
1/2-1/2

[Event "DEM U12 2025"]
[Site "Willingen GER"]
[Date "2025.06.11"]
[Round "6"]
[White "Haas, Leandro"]
[Black "Aguike, Toshiya"]
[Result "1-0"]
[Termination "normal"]
[Board "10"]
[WhiteElo "1730"]
[BlackElo "1953"]
[WhiteClock "01:41:36"]
[BlackClock "00:19:31"]
[PlyCount "113"]
[WhiteFideId "34632549"]
[BlackFideId "34611347"]
[EventCountry "GER"]
[EventRounds "9"]
[EventType "swiss"]
[EventDate "2025.06.07"]

1. e4 {[%clk 01:30:59]} {[%emt 00:00:01]} e5 {[%clk 01:30:40]} {[%emt
00:00:20]} 2. Bc4 {[%clk 01:31:23]} {[%emt 00:00:06]} Nf6 {[%clk 01:30:17]}
{[%emt 00:00:53]} 3. d3 {[%clk 01:31:49]} {[%emt 00:00:05]} Bc5 {[%clk
01:30:31]} {[%emt 00:00:16]} 4. Nc3 {[%clk 01:31:23]} {[%emt 00:00:55]} Nc6
{[%clk 01:30:28]} {[%emt 00:00:33]} 5. f4 {[%clk 01:30:30]} {[%emt 00:01:23]}
d6 {[%clk 01:29:24]} {[%emt 00:01:34]} 6. Nf3 {[%clk 01:29:50]} {[%emt
00:01:10]} O-O {[%clk 01:29:36]} {[%emt 00:00:17]} 7. Na4 {[%clk 01:28:39]}
{[%emt 00:01:43]} Bb6 {[%clk 01:25:59]} {[%emt 00:04:08]} 8. Nxb6 {[%emt
00:00:18]} axb6 {[%clk 01:26:21]} {[%emt 00:00:06]} 9. O-O {[%clk 01:28:57]}
{[%emt 00:00:25]} exf4 {[%clk 01:14:37]} {[%emt 00:12:14]} 10. Bxf4 {[%clk
01:28:33]} {[%emt 00:00:54]} Bg4 {[%clk 01:14:55]} {[%emt 00:00:11]} 11. Qd2
{[%clk 01:25:04]} {[%emt 00:04:00]} Na5 {[%clk 01:06:34]} {[%emt 00:08:51]} 12.
Bb3 {[%clk 01:25:24]} {[%emt 00:00:10]} Nxb3 {[%clk 01:06:50]} {[%emt
00:00:14]} 13. axb3 {[%clk 01:25:49]} {[%emt 00:00:06]} Rxa1 {[%clk 01:03:22]}
{[%emt 00:03:58]} 14. Rxa1 {[%clk 01:26:10]} {[%emt 00:00:09]} Bxf3 {[%clk
01:01:16]} {[%emt 00:02:35]} 15. gxf3 {[%clk 01:26:28]} {[%emt 00:00:11]} Nh5
{[%clk 01:01:13]} {[%emt 00:00:33]} 16. Bg3 {[%clk 01:26:39]} {[%emt 00:00:20]}
f5 {[%clk 01:01:19]} {[%emt 00:00:22]} 17. Rf1 {[%clk 01:26:12]} {[%emt
00:00:59]} f4 {[%clk 01:01:14]} {[%emt 00:00:35]} 18. Be1 {[%clk 01:26:25]}
{[%emt 00:00:17]} Rf6 {[%clk 01:00:58]} {[%emt 00:00:45]} 19. Rf2 {[%clk
01:26:27]} {[%emt 00:00:28]} Qc8 {[%clk 00:57:36]} {[%emt 00:03:51]} 20. Rg2
{[%clk 01:25:07]} {[%emt 00:01:52]} Qh3 {[%clk 00:57:46]} {[%emt 00:00:18]} 21.
Qf2 {[%clk 01:25:00]} {[%emt 00:00:37]} Kf7 {[%clk 00:52:58]} {[%emt 00:05:15]}
22. Rg4 {[%clk 01:20:46]} {[%emt 00:04:49]} Rh6 {[%clk 00:51:19]} {[%emt
00:02:09]} 23. Qg2 {[%clk 01:20:48]} {[%emt 00:00:29]} Qxg2+ {[%clk 00:47:43]}
{[%emt 00:04:04]} 24. Rxg2 {[%clk 01:19:13]} {[%emt 00:02:05]} Nf6 {[%clk
00:43:34]} {[%emt 00:04:39]} 25. Bc3 {[%clk 01:18:23]} {[%emt 00:01:21]} Rg6
{[%clk 00:39:11]} {[%emt 00:04:52]} 26. Rxg6 {[%clk 01:18:35]} {[%emt
00:00:18]} Kxg6 {[%clk 00:39:21]} {[%emt 00:00:20]} 27. Kg2 {[%clk 01:17:54]}
{[%emt 00:01:12]} Nd7 {[%clk 00:38:06]} {[%emt 00:01:45]} 28. Bd2 {[%clk
01:17:26]} {[%emt 00:00:59]} Kg5 {[%clk 00:33:56]} {[%emt 00:04:38]} 29. d4
{[%clk 01:17:37]} {[%emt 00:00:19]} c5 {[%clk 00:32:24]} {[%emt 00:02:03]} 30.
d5 {[%clk 01:15:52]} {[%emt 00:02:15]} Ne5 {[%clk 00:31:59]} {[%emt 00:00:54]}
31. h4+ {[%clk 01:15:38]} {[%emt 00:00:45]} Kxh4 {[%clk 00:30:31]} {[%emt
00:01:57]} 32. Bxf4 {[%clk 01:16:00]} {[%emt 00:00:08]} Nf7 {[%clk 00:27:05]}
{[%emt 00:03:55]} 33. Bg3+ {[%clk 01:12:24]} {[%emt 00:04:07]} Kg5 {[%clk
00:25:19]} {[%emt 00:02:12]} 34. f4+ {[%clk 01:12:42]} {[%emt 00:00:16]} Kf6
{[%clk 00:25:28]} {[%emt 00:00:20]} 35. Kf3 {[%clk 01:09:34]} {[%emt 00:03:39]}
h6 {[%clk 00:23:45]} {[%emt 00:02:12]} 36. Kg4 {[%clk 01:07:53]} {[%emt
00:02:10]} g5 {[%clk 00:22:27]} {[%emt 00:01:48]} 37. fxg5+ {[%clk 01:07:50]}
{[%emt 00:00:34]} hxg5 {[%clk 00:22:08]} {[%emt 00:00:48]} 38. Kh5 {[%clk
01:08:04]} {[%emt 00:00:17]} Ne5 {[%clk 00:20:03]} {[%emt 00:02:34]} 39. Bxe5+
{[%clk 01:08:25]} {[%emt 00:00:09]} Kxe5 {[%clk 00:17:06]} {[%emt 00:03:27]}
40. Kxg5 {[%clk 01:08:50]} {[%emt 00:00:06]} b5 {[%clk 00:07:50]} {[%emt
00:09:46]} 41. c4 {[%clk 01:08:55]} {[%emt 00:00:24]} bxc4 {[%clk 00:00:56]}
{[%emt 00:07:25]} 42. bxc4 {[%clk 01:09:17]} {[%emt 00:00:08]} Kxe4 {[%clk
00:30:00]} {[%emt 00:00:56]} 43. Kf6 {[%clk 01:39:36]} {[%emt 00:00:10]} Kd4
{[%clk 00:18:51]} {[%emt 00:12:09]} 44. Ke6 {[%clk 01:38:13]} {[%emt 00:01:54]}
Kxc4 {[%clk 00:18:41]} {[%emt 00:00:41]} 45. Kxd6 {[%clk 01:38:00]} {[%emt
00:00:43]} Kb4 {[%clk 00:18:55]} {[%emt 00:00:15]} 46. Ke5 {[%clk 01:37:52]}
{[%emt 00:00:37]} Kb3 {[%clk 00:17:44]} {[%emt 00:01:41]} 47. d6 {[%clk
01:37:53]} {[%emt 00:00:30]} c4 {[%clk 00:18:06]} {[%emt 00:00:08]} 48. d7
{[%clk 01:38:18]} {[%emt 00:00:04]} Kxb2 {[%clk 00:18:31]} {[%emt 00:00:04]}
49. d8=Q {[%clk 01:38:40]} {[%emt 00:00:08]} c3 {[%clk 00:18:55]} {[%emt
00:00:07]} 50. Qb6+ {[%clk 01:39:01]} {[%emt 00:00:09]} Ka1 {[%clk 00:17:49]}
{[%emt 00:01:34]} 51. Qb3 {[%clk 01:39:12]} {[%emt 00:00:21]} c2 {[%clk
00:17:57]} {[%emt 00:00:22]} 52. Qxc2 {[%clk 01:39:36]} {[%emt 00:00:06]} b5
{[%clk 00:18:17]} {[%emt 00:00:09]} 53. Qb3 {[%clk 01:39:56]} {[%emt 00:00:10]}
b4 {[%clk 00:18:41]} {[%emt 00:00:06]} 54. Qxb4 {[%clk 01:40:25]} {[%emt
00:00:02]} Ka2 {[%clk 00:19:06]} {[%emt 00:00:06]} 55. Kd4 {[%clk 01:40:49]}
{[%emt 00:00:04]} Ka1 {[%clk 00:19:31]} {[%emt 00:00:06]} 56. Kc3 {[%clk
01:41:10]} {[%emt 00:00:09]} Ka2 {[%emt 00:00:06]} 57. Qb2# {[%clk 01:41:36]}
1-0

[Event "DEM U12 2025"]
[Site "Willingen GER"]
[Date "2025.06.11"]
[Round "6"]
[White "Varazi, Maxime"]
[Black "Zargaran, Sepas"]
[Result "1-0"]
[Termination "normal"]
[Board "11"]
[WhiteElo "1775"]
[BlackElo "1944"]
[WhiteClock "00:23:38"]
[BlackClock "00:11:26"]
[PlyCount "75"]
[WhiteFideId "34618929"]
[BlackFideId "34625275"]
[EventCountry "GER"]
[EventRounds "9"]
[EventType "swiss"]
[EventDate "2025.06.07"]

1. e4 {[%clk 01:30:43]} {[%emt 00:00:16]} c5 {[%clk 01:30:51]} {[%emt
00:00:09]} 2. Nf3 {[%clk 01:30:54]} {[%emt 00:00:20]} d6 {[%clk 01:31:14]}
{[%emt 00:00:07]} 3. d4 {[%clk 01:31:09]} {[%emt 00:00:14]} cxd4 {[%clk
01:31:35]} {[%emt 00:00:10]} 4. Nxd4 {[%clk 01:31:31]} {[%emt 00:00:07]} Nf6
{[%clk 01:32:02]} {[%emt 00:00:04]} 5. Nc3 {[%clk 01:31:52]} {[%emt 00:00:10]}
a6 {[%clk 01:32:26]} {[%emt 00:00:06]} 6. Bg5 {[%clk 01:32:12]} {[%emt
00:00:08]} e6 {[%clk 01:32:50]} {[%emt 00:00:08]} 7. f4 {[%clk 01:32:25]}
{[%emt 00:00:16]} Be7 {[%clk 01:33:15]} {[%emt 00:00:05]} 8. Qf3 {[%clk
01:32:36]} {[%emt 00:00:18]} Qc7 {[%clk 01:33:39]} {[%emt 00:00:07]} 9. g4
{[%clk 01:32:49]} {[%emt 00:00:17]} Nbd7 {[%clk 01:34:02]} {[%emt 00:00:06]}
10. Bd3 {[%clk 01:32:38]} {[%emt 00:00:41]} b5 {[%clk 01:34:09]} {[%emt
00:00:24]} 11. O-O-O {[%clk 01:33:00]} {[%emt 00:00:09]} Bb7 {[%clk 01:34:32]}
{[%emt 00:00:06]} 12. Bxf6 {[%clk 01:29:37]} {[%emt 00:03:53]} Nxf6 {[%clk
01:32:29]} {[%emt 00:02:34]} 13. g5 {[%clk 01:28:17]} {[%emt 00:01:49]} Nd7
{[%clk 01:32:47]} {[%emt 00:00:12]} 14. h4 {[%clk 01:25:24]} {[%emt 00:03:23]}
Rc8 {[%clk 01:29:39]} {[%emt 00:03:38]} 15. h5 {[%clk 01:23:57]} {[%emt
00:01:57]} Qb6 {[%clk 01:13:06]} {[%emt 00:17:03]} 16. Nce2 {[%clk 01:22:48]}
{[%emt 00:01:38]} Nc5 {[%clk 01:10:21]} {[%emt 00:03:16]} 17. g6 {[%clk
01:21:05]} {[%emt 00:02:13]} f5 {[%clk 01:09:40]} {[%emt 00:01:10]} 18. h6
{[%clk 01:18:58]} {[%emt 00:02:36]} hxg6 {[%clk 01:08:23]} {[%emt 00:01:47]}
19. hxg7 {[%clk 01:14:27]} {[%emt 00:05:02]} Rg8 {[%clk 01:08:39]} {[%emt
00:00:15]} 20. Qg3 {[%clk 01:06:09]} {[%emt 00:08:46]} Nxd3+ {[%clk 01:06:10]}
{[%emt 00:03:00]} 21. Rxd3 {[%clk 01:06:04]} {[%emt 00:00:35]} Rxg7 {[%clk
00:45:16]} {[%emt 00:21:25]} 22. Nxe6 {[%clk 00:59:54]} {[%emt 00:06:39]} Rg8
{[%clk 00:45:07]} {[%emt 00:00:39]} 23. Rh7 {[%clk 00:58:18]} {[%emt 00:02:05]}
Bxe4 {[%clk 00:44:44]} {[%emt 00:00:54]} 24. Rd2 {[%clk 00:56:46]} {[%emt
00:02:01]} Qa5 {[%clk 00:42:45]} {[%emt 00:02:30]} 25. Nc3 {[%clk 00:46:35]}
{[%emt 00:10:42]} Qb4 {[%clk 00:36:32]} {[%emt 00:06:42]} 26. a3 {[%clk
00:37:43]} {[%emt 00:09:23]} Qc4 {[%clk 00:34:44]} {[%emt 00:02:17]} 27. Nxe4
{[%clk 00:30:08]} {[%emt 00:08:05]} Qxe6 {[%clk 00:32:29]} {[%emt 00:02:45]}
28. Nc3 {[%clk 00:28:26]} {[%emt 00:02:10]} Kd8 {[%clk 00:12:03]} {[%emt
00:20:59]} 29. Re2 {[%clk 00:23:55]} {[%emt 00:05:02]} Rxc3 {[%clk 00:12:08]}
{[%emt 00:00:24]} 30. Qe1 {[%clk 00:23:33]} {[%emt 00:00:51]} Rxa3 {[%clk
00:09:57]} {[%emt 00:02:42]} 31. bxa3 {[%clk 00:23:10]} {[%emt 00:00:53]} Qa2
{[%clk 00:09:35]} {[%emt 00:00:51]} 32. Qa5+ {[%clk 00:22:54]} {[%emt
00:00:46]} Kc8 {[%clk 00:09:55]} {[%emt 00:00:11]} 33. Qxa6+ {[%clk 00:23:20]}
{[%emt 00:00:04]} Kb8 {[%clk 00:10:17]} {[%emt 00:00:08]} 34. Qb6+ {[%clk
00:23:41]} {[%emt 00:00:09]} Ka8 {[%clk 00:10:36]} {[%emt 00:00:10]} 35. Rhxe7
{[%clk 00:22:58]} {[%emt 00:01:14]} Qxa3+ {[%clk 00:10:54]} {[%emt 00:00:13]}
36. Kd1 {[%clk 00:23:22]} {[%emt 00:00:05]} Qa1+ {[%clk 00:11:02]} {[%emt
00:00:22]} 37. Kd2 {[%clk 00:23:45]} {[%emt 00:00:06]} Rc8 {[%clk 00:11:26]}
{[%emt 00:00:07]} 38. Qb7# {[%clk 00:23:38]} {[%emt 00:00:08]} 1-0

[Event "DEM U12 2025"]
[Site "Willingen GER"]
[Date "2025.06.11"]
[Round "6"]
[White "Wingerath, Felix"]
[Black "Shalovylo, Matvii"]
[Result "1/2-1/2"]
[Termination "normal"]
[Board "12"]
[WhiteElo "1767"]
[BlackElo "1788"]
[WhiteClock "01:05:24"]
[BlackClock "00:55:31"]
[PlyCount "50"]
[WhiteFideId "34614834"]
[BlackFideId "41846516"]
[EventCountry "GER"]
[EventRounds "9"]
[EventType "swiss"]
[EventDate "2025.06.07"]

1. e4 {[%clk 01:30:46]} {[%emt 00:00:12]} e6 {[%clk 01:30:57]} {[%emt
00:00:04]} 2. d4 {[%clk 01:30:45]} {[%emt 00:00:30]} d5 {[%clk 01:31:16]}
{[%emt 00:00:12]} 3. Nd2 {[%clk 01:30:46]} {[%emt 00:00:29]} c5 {[%clk
01:31:11]} {[%emt 00:00:35]} 4. exd5 {[%clk 01:30:25]} {[%emt 00:00:51]} exd5
{[%clk 01:31:31]} {[%emt 00:00:10]} 5. Ngf3 {[%clk 01:30:13]} {[%emt 00:00:42]}
Nf6 {[%clk 01:31:41]} {[%emt 00:00:20]} 6. Be2 {[%clk 01:30:00]} {[%emt
00:00:41]} Be7 {[%clk 01:31:00]} {[%emt 00:01:10]} 7. dxc5 {[%clk 01:29:59]}
{[%emt 00:00:34]} Bxc5 {[%clk 01:31:09]} {[%emt 00:00:21]} 8. O-O {[%clk
01:30:00]} {[%emt 00:00:26]} O-O {[%clk 01:31:20]} {[%emt 00:00:22]} 9. Nb3
{[%clk 01:29:48]} {[%emt 00:00:43]} Be7 {[%clk 01:31:05]} {[%emt 00:00:45]} 10.
c3 {[%clk 01:29:10]} {[%emt 00:01:07]} Nc6 {[%clk 01:30:48]} {[%emt 00:00:47]}
11. Nfd4 {[%clk 01:28:30]} {[%emt 00:01:07]} Bd7 {[%clk 01:29:08]} {[%emt
00:02:13]} 12. Bf4 {[%clk 01:27:30]} {[%emt 00:01:26]} a6 {[%clk 01:28:00]}
{[%emt 00:01:42]} 13. Bf3 {[%clk 01:26:39]} {[%emt 00:01:21]} Re8 {[%clk
01:24:13]} {[%emt 00:04:17]} 14. Re1 {[%clk 01:25:53]} {[%emt 00:01:16]} Qb6
{[%clk 01:21:16]} {[%emt 00:03:28]} 15. Nc2 {[%clk 01:18:00]} {[%emt 00:08:24]}
Rad8 {[%clk 01:18:30]} {[%emt 00:03:15]} 16. Ncd4 {[%clk 01:14:17]} {[%emt
00:04:13]} h6 {[%clk 01:08:07]} {[%emt 00:10:53]} 17. h3 {[%clk 01:14:03]}
{[%emt 00:00:43]} Nxd4 {[%clk 01:04:39]} {[%emt 00:03:59]} 18. Qxd4 {[%clk
01:14:20]} {[%emt 00:00:12]} Qxd4 {[%clk 01:04:17]} {[%emt 00:00:53]} 19. Nxd4
{[%clk 01:14:21]} {[%emt 00:00:29]} Bc5 {[%clk 01:04:00]} {[%emt 00:00:47]} 20.
Kf1 {[%clk 01:03:59]} {[%emt 00:10:52]} Bxd4 {[%clk 01:00:15]} {[%emt
00:04:15]} 21. cxd4 {[%clk 01:04:13]} {[%emt 00:00:15]} Bb5+ {[%clk 00:55:08]}
{[%emt 00:05:38]} 22. Kg1 {[%clk 01:04:23]} {[%emt 00:00:20]} Bc6 {[%clk
00:54:33]} {[%emt 00:01:05]} 23. Kf1 {[%clk 01:04:35]} {[%emt 00:00:17]} Bb5+
{[%clk 00:54:38]} {[%emt 00:00:26]} 24. Kg1 {[%clk 01:04:58]} {[%emt 00:00:07]}
Bc6 {[%clk 00:55:05]} {[%emt 00:00:04]} 25. Kf1 {[%clk 01:05:24]} {[%emt
00:00:04]} Bb5+ {[%clk 00:55:31]} {[%emt 00:00:04]} 1/2-1/2